000 00549nam a2200181Ia 4500
008 090124s9999 xx 000 0 und d
082 _b39459
100 _aपालकर ना. ह.
245 _a डॉ. हेडगेवार
250 _a1
260 _bभारतीय विचार साधना
_c1998
300 _a426
600 _aपालकर ना. ह.
630 _a डॉ. हेडगेवार
700 _aपालकर ना. ह.
730 _a डॉ. हेडगेवार
942 _cBOOK
999 _c105527
_d105527